[Event "SVK Extraliga 2017-18"]
[Site "Slovakia"]
[Date "2017.09.30"]
[Round "1"]
[White "Lisko, Frantisek"]
[Black "Zambor, Norbert"]
[Result "0-1"]
[WhiteElo "2251"]
[BlackElo "2261"]
[Annotator "NA"]
[PlyCount "54"]
[EventDate "2017.09.30"]
[EventType "team-tourn"]
[EventCountry "SVK"]
[SourceTitle "playchess.com"]
[Source "ChessBase"]
[SourceQuality "1"]
[TimeControl "40/5400+30:1800+30"]

1. d4 Nf6 2. c4 e6 3. Nc3 Bb4 4. Nf3 O-O 5. Bg5 d5 6. e3 h6 7. Bh4 g5 8. Bg3 Ne4 9. Qc2 c5 10. Bd3 f5 11. h4 g4 12. Bxb8 Rxb8 13. Ne5 cxd4 14. exd4 Kg7 15. Qb3 Bd6 16. Bxe4 dxe4 17. f3 exf3 18. gxf3 Bxe5 19. dxe5 Qd4 20. fxg4 fxg4 21. Rf1 Bd7 22. Ke2 Bc6 23. Nb5 Bf3+ 24. Ke1 Qxe5+ 25. Kd2 Rbd8+ 26. Kc1 Qf4+ 27. Kc2 Qd2+ 0-1

[Event "SVK Extraliga 2017-18"]
[Site "Slovakia"]
[Date "2017.09.30"]
[Round "1"]
[White "Spacek, Oliver"]
[Black "Briestensky, Rastislav"]
[Result "0-1"]
[WhiteElo "2250"]
[BlackElo "2292"]
[Annotator "NA"]
[PlyCount "94"]
[EventDate "2017.09.30"]
[EventType "team-tourn"]
[EventCountry "SVK"]
[SourceTitle "playchess.com"]
[Source "ChessBase"]
[SourceQuality "1"]
[TimeControl "40/5400+30:1800+30"]

1. Nf3 {[%emt 0:00:00]} Nf6 {[%emt 0:00:30]} 2. d4 {[%emt 0:00:30]} g6 {[%emt 0:00:53]} 3. c4 {[%emt 0:03:41]} Bg7 {[%emt 0:00:25]} 4. Nc3 {[%emt 0:00:08]} O-O {[%emt 0:00:15]} 5. g3 {[%emt 0:03:42]} d6 {[%emt 0:05:59]} 6. Bg2 {[%emt 0:00:45]} Nbd7 {[%emt 0:05:05]} 7. O-O {[%emt 0:04:57]} e5 {[%emt 0:03:23]} 8. b3 {[%emt 0:02:35]} Re8 {[%emt 0:05:30]} 9. Bb2 {[%emt 0:03:28]} c6 {[%emt 0:16:29]} 10. e3 {[%emt 0:08:46]} e4 {[%emt 0:08:38] LiveBook: 40 Partien} 11. Nd2 {[%emt 0:04:25]} d5 {[%emt 0:00:11]} 12. a4 {[%emt 0:00:57] E67: King's Indian: Fianchetto: 6...Nbd7} (12. f3 exf3 13. Qxf3 Nb6 14. c5 Bg4 15. Qf4 Nbd7 16. e4 Be6 17. exd5 Nxd5 18. Nxd5 cxd5 19. b4 Nf6 20. Rae1 Qd7 21. Nf3 {0-1 (51) Malakhov,V (2713)-Amonatov,F (2620) Doha 2016}) 12... Bf8 $146 {[%emt 0:06:29]} ({Predecessor:} 12... Nf8 $11 {keeps the balance.} 13. Ba3 a6 14. b4 h5 15. b5 N8h7 16. bxc6 bxc6 17. Qb3 Ng5 18. Rab1 Qd7 19. Qb6 Qf5 20. f4 exf3 21. Nxf3 Nxf3+ 22. Rxf3 Qg5 23. Bd6 {½-½ (23) Bretsnajdr,V (2305)-Halasz,T (2415) Dortmund 1990}) 13. cxd5 {[%emt 0:06:28]} cxd5 {[%emt 0:00:05]} 14. f3 {[%emt 0:00:15]} Bh6 {[%emt 0:08:52]} 15. f4 {[%emt 0:01:30]} Nb8 {[%emt 0:00:41]} 16. b4 {[%emt 0:28:01]} Nc6 {[%emt 0:09:38]} 17. b5 {[%emt 0:02:50]} Ne7 {[%emt 0:02:57]} 18. h3 {[%emt 0:07:32]} Bg7 {[%emt 0:08:51]} 19. Rf2 {[%emt 0:04:51]} Be6 {[%emt 0:03:12]} 20. Ba3 {[%emt 0:01:31]} Qd7 {[%emt 0:00:25]} 21. Kh2 {[%emt 0:05:10]} h5 $17 {[%emt 0:01:47]} 22. Qe2 {[%emt 0:03:56]} Rac8 {[%emt 0:00:24]} 23. Rc1 {[%emt 0:00:08]} Nf5 {[%emt 0:00:51]} 24. Nf1 {[%emt 0:00:22]} Rc4 {[%emt 0:00:44]} 25. Qb2 {[%emt 0:00:47]} Rec8 {[%emt 0:00:18]} 26. Rfc2 {[%emt 0:00:01]} Qc7 {[%emt 0:00:38]} 27. Kg1 {[%emt 0:03:42]} Qa5 {[%emt 0:02:28]} 28. Qb3 {[%emt 0:01:11]} Ne8 {[%emt 0:01:07]} 29. g4 {[%emt 0:00:49]} hxg4 {[%emt 0:01:05]} 30. Ne2 {[%emt 0:01:16]} Rxc2 {[%emt 0:00:52]} 31. Rxc2 {[%emt 0:00:01]} Rxc2 {[%emt 0:00:28]} 32. Qxc2 {[%emt 0:00:01]} gxh3 {[%emt 0:01:24]} 33. Bxh3 {[%emt 0:01:07]} Nxd4 {[%emt 0:00:34]} 34. Nxd4 {[%emt 0:00:09]} Bxh3 {[%emt 0:00:05]} 35. Qd1 {[%emt 0:00:58]} Qc3 {[%emt 0:00:50]} 36. Nc2 {[%emt 0:00:43]} Bxf1 {[%emt 0:01:40]} 37. Kxf1 {[%emt 0:00:06]} Qc4+ {[%emt 0:00:36]} 38. Qe2 {[%emt 0:00:40]} Qxa4 {[%emt 0:00:53]} 39. Bc5 {[%emt 0:00:06]} Nc7 {[%emt 0:00:40]} 40. b6 {[%emt 0:01:10]} Ne6 {[%emt 0:32:08]} 41. Bd6 {[%emt 0:01:44]} axb6 {[%emt 0:00:00]} 42. Nb4 {[%emt 0:00:43]} Qd7 {[%emt 0:00:00]} 43. Be5 {[%emt 0:01:39]} Bxe5 {[%emt 0:00:00]} 44. fxe5 {[%emt 0:00:02]} d4 {[%emt 0:00:00]} 45. Qc4 {[%emt 0:00:27]} b5 {[%emt 0:00:00]} 46. Qa2 {[%emt 0:00:19]} Qc8 {[%emt 0:00:00]} 47. Kg2 {[%emt 0:00:57]} Qc4 {[%emt 0:00:00]} 0-1

[Event "SVK Extraliga 2017-18"]
[Site "Slovakia"]
[Date "2017.09.30"]
[Round "1"]
[White "Holtman, Teodor"]
[Black "Likavsky, Tomas"]
[Result "0-1"]
[WhiteElo "2248"]
[BlackElo "2430"]
[Annotator "TA"]
[PlyCount "126"]
[EventDate "2017.09.30"]
[EventType "team-tourn"]
[EventCountry "SVK"]
[SourceTitle "playchess.com"]
[Source "ChessBase"]
[SourceQuality "1"]

{[%evp 26,125,48,34,41,13,72,54,49,7,0,4,4,0,0,-56,58,71,85,73,62,68,64,83,79,79,113,94,120,120,145,139,157,153,123,136,137,-78,252,120,112,118,100,79,85,32,84,0,210,206,579,551,29993,175,155,0,0,-79,-91,-120,-135,-172,-173,-256,-235,-239,-191,-425,-367,-29979,-29981,-29980,-29982,-29981,-29980,-29980,-29981,-29984,-29985,-29985,-29986,-29987,-29988,-29989,-29990,-29990,-29991,-29991,-29990,-29990,-29991,-29991,-29992,-29993,-29993,-29993,-29994,-29995,-29993,-29998,-29999,-29999]} 1. e4 c5 2. Nf3 d6 3. d4 cxd4 4. Nxd4 Nf6 5. Nc3 Nc6 6. Bg5 e6 7. Qd2 Qb6 8. Nb3 Be7 9. O-O-O O-O 10. f3 Rd8 11. Nb5 Rd7 {B63: Sicilian: Richter-Rauzer: 7...Be7 and unusual Black 7th moves} 12. Qe1 a6 13. N5d4 Qc7 14. h4 {LiveBook: 4 Games} Ne5 15. Kb1 b5 (15... h5 $11) 16. g4 $1 $16 {[#]} Nc4 $146 ({Predecessor:} 16... d5 17. Bxf6 gxf6 18. f4 Ng6 19. f5 {1-0 (32) Anand,V (2769)-Avrukh,B (2620) Haifa 2000}) 17. Bxc4 bxc4 18. Na5 Bb7 19. Bd2 Rb8 20. Qe2 (20. a3 $11) 20... c3 (20... d5 $15 21. e5 Ne8) 21. Bxc3 $14 Bxe4 22. fxe4 (22. g5 {feels hotter.} Ne8 23. fxe4 Qxc3 24. Nab3 Qc8 25. Rh3) 22... Qxc3 {[%csl Gb8][%cal Rc3b2]} 23. Nab3 Qc8 $1 24. g5 Ne8 25. Rhf1 $36 {[%mdl 2048] White has strong initiative.} Rc7 26. Qf2 f6 27. Rd3 g6 28. h5 {Threatens to win with hxg6.} e5 29. hxg6 exd4 30. gxh7+ (30. Qxd4 $6 hxg6 31. gxf6 Nxf6 $14) 30... Kh8 31. Nxd4 $2 (31. Rf3 $1 $16 {keeps the pressure on.}) 31... Rc5 $2 {[%mdl 8192]} (31... fxg5 $17 {and life is bright. ...Nf6 is the strong threat.} 32. Rf3 (32. Qf7 Ng7 $17) 32... Ng7) 32. Nf5 ({But not} 32. g6 $6 Rg5 $16) (32. Rg1 $18) 32... Rxf5 $16 33. exf5 {And now g6 would win.} fxg5 34. Re1 Bf6 35. Rb3 Ng7 (35... Be5 $1 $14) 36. Rh1 (36. Qf3 $1 $16) 36... a5 $2 (36... Qc7 $11 {and Black stays safe.}) 37. Rh6 $18 Be5 $2 {[#]} (37... Rxb3 38. axb3 Qf8) 38. f6 $1 {Threatening mate with Qa7.} a4 {[#]} 39. Rxb8 $2 (39. Qa7 $1 {[%mdl 512] mates} Rb7 40. Rxb7 Bxf6 41. Rb8 Qxb8 42. Qxb8+ Bd8 43. Qxd8+ Ne8 44. Qxe8+ Kg7 45. h8=Q#) 39... Qxb8 {[%csl Ge5][%cal Rb8b2]} 40. b3 $2 ({Better is} 40. c3 $16 Ne6 41. Qf5) 40... Ne6 $1 $11 41. f7 (41. Qf3 $11 axb3 42. cxb3) 41... Nf8 $17 42. Qd2 axb3 43. cxb3 Qb7 44. Rxd6 (44. Qe2 $142) 44... Bxd6 $19 ({Not} 44... Qxf7 45. Rd5 $15) 45. Qxd6 Qxf7 {aiming for ...g4.} 46. b4 $2 (46. Qe5+ Qg7 47. Qxg7+ Kxg7 48. Kc2) 46... Kxh7 47. a4 $2 (47. Qg3 $19 Qd5 48. Kb2) 47... Qg6+ {Black mates.} 48. Qxg6+ Kxg6 {[%mdl 4096] Endgame KN-KPP} 49. Kc2 g4 50. Kd3 Kf5 51. a5 Kf4 52. a6 Nd7 53. a7 Nb6 54. Kd4 g3 55. Kc5 Na8 56. Kc6 Ke5 57. Kb7 Kd6 58. b5 g2 59. b6 {[#]} Nxb6 $1 {[%mdl 512]} 60. Kxb6 g1=Q+ 61. Kb7 Qg7+ 62. Kb8 Qc7+ 63. Ka8 Qc8# {Precision: White = 36%, Black = 58%.} 0-1

[Event "SVK Extraliga 2017-18"]
[Site "Slovakia"]
[Date "2017.09.30"]
[Round "1"]
[White "Istona, Martin"]
[Black "Zetocha, Claudiu"]
[Result "0-1"]
[WhiteElo "2240"]
[BlackElo "2348"]
[Annotator "NA"]
[PlyCount "80"]
[EventDate "2017.09.30"]
[EventType "team-tourn"]
[EventCountry "SVK"]
[SourceTitle "playchess.com"]
[Source "ChessBase"]
[SourceQuality "1"]
[TimeControl "40/5400+30:1800+30"]

1. e4 {[%emt 0:00:00]} c5 {[%emt 0:00:07]} 2. Nf3 {[%emt 0:00:00]} e6 {[%emt 0:00:08]} 3. d4 {[%emt 0:00:04]} cxd4 {[%emt 0:00:08]} 4. Nxd4 {[%emt 0:00:04]} Nc6 {[%emt 0:03:13]} 5. Nc3 {[%emt 0:00:27]} Qc7 {[%emt 0:00:45]} 6. f4 {[%emt 0:01:12]} a6 {[%emt 0:03:36]} 7. Nxc6 {[%emt 0:00:18]} bxc6 {[%emt 0:14:16]} 8. Bd3 {[%emt 0:01:33]} d5 {[%emt 0:13:19]} 9. O-O {[%emt 0:01:02] LiveBook: 131 Partien} Nf6 {[%emt 0:01:37]} 10. Qe2 {[%emt 0:01:14]} Be7 {[%emt 0:02:43] B46: Sicilian: Taimanov: 5 Nc3 a6} 11. Bd2 {[%emt 0:01:54]} Nd7 $146 {[%emt 0:17:31]} ({Predecessor:} 11... O-O 12. Rae1 g6 13. Kh1 Bb7 14. b3 Rfe8 15. e5 Nd7 16. Na4 c5 17. c4 d4 18. Be4 {½-½ (55) Quesada Perez,Y (2630)-Kacheishvili,G (2590) Saint Louis 2017}) 12. Rae1 {[%emt 0:11:10]} Nc5 {[%emt 0:04:48]} 13. Kh1 {[%emt 0:06:55]} Bb7 {[%emt 0:22:09]} 14. f5 {[%emt 0:05:08]} d4 {[%emt 0:03:23]} (14... O-O $11) 15. Nd1 {[%emt 0:00:41]} Nxd3 {[%emt 0:01:21]} 16. cxd3 {[%emt 0:00:14]} e5 {[%emt 0:03:08]} 17. Nf2 {[%emt 0:04:54]} a5 {[%emt 0:00:41]} 18. Qg4 {[%emt 0:05:27]} g6 {[%emt 0:00:37]} (18... Kf8 $11 {keeps the balance.}) 19. Qg3 {[%emt 0:13:40]} O-O-O {[%emt 0:01:58]} 20. Qf3 {[%emt 0:16:53]} Kb8 {[%emt 0:01:00]} 21. Rc1 {[%emt 0:03:41]} c5 $16 {[%emt 0:00:53]} 22. b4 {[%emt 0:15:55]} axb4 {[%emt 0:00:33]} 23. Bxb4 {[%emt 0:00:02]} Rc8 {[%emt 0:01:36]} 24. Bd2 {[%emt 0:01:09]} Ba6 {[%emt 0:00:20]} 25. Qd1 {[%emt 0:04:31]} Ka7 {[%emt 0:00:08]} 26. Qc2 {[%emt 0:01:40]} c4 {[%emt 0:00:16]} 27. dxc4 {[%emt 0:00:20]} Qxc4 {[%emt 0:00:01]} 28. Qxc4 {[%emt 0:01:50]} Bxc4 {[%emt 0:00:01]} 29. Rfe1 {[%emt 0:00:49]} Ba3 {[%emt 0:00:02]} 30. Rb1 {[%emt 0:01:10]} Rb8 {[%emt 0:00:01]} 31. Ng4 {[%emt 0:00:45]} Rxb1 {[%emt 0:00:07]} 32. Rxb1 {[%emt 0:00:05]} Re8 {[%emt 0:00:46]} 33. Nf6 {[%emt 0:01:06]} Rc8 {[%emt 0:00:46]} 34. Nxh7 {[%emt 0:00:29]} gxf5 {[%emt 0:00:15]} 35. exf5 {[%emt 0:00:33]} e4 {[%emt 0:00:14]} 36. Ng5 {[%emt 0:00:30]} e3 {[%emt 0:01:09]} 37. Be1 {[%emt 0:00:32]} d3 {[%emt 0:00:20]} 38. Nf3 {[%emt 0:00:29]} Bd5 {[%emt 0:02:06]} 39. Nd4 {[%emt 0:00:29]} Ka6 {[%emt 0:01:36]} 40. Nb5 {[%emt 0:00:33]} Bxa2 {[%emt 0:30:15]} 0-1

[Event "SVK Extraliga 2017-18"]
[Site "Slovakia"]
[Date "2017.09.30"]
[Round "1"]
[White "Zvarik, Martin"]
[Black "Caletka, Radomir"]
[Result "1-0"]
[WhiteElo "2237"]
[BlackElo "2337"]
[Annotator "NA"]
[PlyCount "107"]
[EventDate "2017.09.30"]
[EventType "team-tourn"]
[EventCountry "SVK"]
[SourceTitle "playchess.com"]
[Source "ChessBase"]
[SourceQuality "1"]
[TimeControl "40/5400+30:1800+30"]

1. d4 {[%emt 0:00:00]} Nf6 {[%emt 0:00:06]} 2. Bg5 {[%emt 0:00:08]} Ne4 {[%emt 0:00:08]} 3. Bh4 {[%emt 0:02:38]} c5 {[%emt 0:00:13]} 4. f3 {[%emt 0:02:58]} g5 {[%emt 0:00:07]} 5. fxe4 {[%emt 0:01:54]} gxh4 {[%emt 0:00:06]} 6. e3 {[%emt 0:05:18]} Qb6 {[%emt 0:02:39]} 7. b3 {[%emt 0:02:10]} Bh6 {[%emt 0:07:37]} 8. Qd3 {[%emt 0:05:51]} Nc6 {[%emt 0:04:57]} 9. c3 {[%emt 0:03:46]} d6 {[%emt 0:20:42]} 10. Nd2 $11 {[%emt 0:03:30]} Bd7 {[%emt 0:04:24]} 11. Ngf3 {[%emt 0:06:20]} h3 {[%emt 0:01:44]} 12. g3 {[%emt 0:02:54]} Qc7 {[%emt 0:01:32]} 13. Be2 {[%emt 0:12:19]} O-O-O {[%emt 0:05:30]} 14. d5 {[%emt 0:05:03]} Nb8 {[%emt 0:07:52]} 15. Nh4 {[%emt 0:06:07]} Bg7 {[%emt 0:01:57]} 16. O-O {[%emt 0:07:45]} Rdf8 {[%emt 0:05:47]} 17. Bh5 {[%emt 0:02:25]} Bf6 {[%emt 0:01:40]} 18. Rxf6 {[%emt 0:09:50]} exf6 {[%emt 0:00:01]} 19. Qf1 {[%emt 0:00:24]} Qd8 {[%emt 0:03:27]} 20. Qf4 {[%emt 0:00:35]} Kc7 {[%emt 0:03:22]} 21. a4 {[%emt 0:02:22]} Rhg8 {[%emt 0:02:56]} 22. Nc4 {[%emt 0:00:59]} Qe7 {[%emt 0:00:31]} 23. b4 {[%emt 0:00:42]} Na6 {[%emt 0:05:20]} 24. b5 {[%emt 0:01:07]} Nb8 {[%emt 0:00:02]} 25. b6+ {[%emt 0:01:25]} axb6 {[%emt 0:00:05]} 26. Rb1 {[%emt 0:00:15]} Bc8 {[%emt 0:04:08]} 27. Rxb6 {[%emt 0:00:56]} Rd8 {[%emt 0:01:23]} 28. a5 {[%emt 0:04:02]} Rg5 {[%emt 0:00:58]} 29. Be2 {[%emt 0:01:10]} h5 {[%emt 0:02:54]} 30. Kf2 {[%emt 0:03:04]} Bg4 {[%emt 0:03:24]} 31. Na3 {[%emt 0:02:27]} Bd7 {[%emt 0:04:49]} 32. Ke1 {[%emt 0:01:47]} Qe5 {[%emt 0:04:43]} 33. Kd2 {[%emt 0:01:12]} Qxf4 {[%emt 0:00:50]} 34. exf4 {[%emt 0:00:11]} Rg7 {[%emt 0:00:15]} 35. Nf5 {[%emt 0:02:05]} Bxf5 {[%emt 0:00:42]} 36. exf5 {[%emt 0:00:23]} Nd7 {[%emt 0:00:49]} 37. Nb5+ {[%emt 0:00:14]} Kb8 {[%emt 0:00:04]} 38. Rxd6 {[%emt 0:00:16]} h4 {[%emt 0:00:21]} 39. g4 {[%emt 0:00:57]} Rgg8 {[%emt 0:00:07]} 40. c4 {[%emt 0:01:07]} Rge8 {[%emt 0:30:33]} 41. Bf3 {[%emt 0:30:45]} Rg8 {[%emt 0:00:00]} 42. a6 {[%emt 0:00:00]} bxa6 {[%emt 0:00:00]} 43. Rxa6 {[%emt 0:00:00]} Kb7 {[%emt 0:00:00]} 44. Ra7+ {[%emt 0:00:00]} Kb6 {[%emt 0:00:00]} 45. d6 {[%emt 0:00:00]} Nb8 {[%emt 0:00:00]} 46. Rb7+ {[%emt 0:00:00]} Ka5 {[%emt 0:00:00]} 47. Kc3 {[%emt 0:00:00]} Rd7 {[%emt 0:00:00]} 48. Nc7 {[%emt 0:00:00]} Rxd6 {[%emt 0:00:00]} 49. Rb5+ {[%emt 0:00:00]} Ka4 {[%emt 0:00:00]} 50. Be4 {[%emt 0:00:00]} Nc6 {[%emt 0:01:18]} 51. Bc2+ {[%emt 0:00:00]} Ka3 {[%emt 0:00:02]} 52. Rb6 {[%emt 0:00:00]} Nb4 {[%emt 0:00:25]} 53. Nb5+ {[%emt 0:00:00]} Ka2 {[%emt 0:00:18]} 54. Bb3+ {[%emt 0:00:00]} 1-0

[Event "SVK Extraliga 2017-18"]
[Site "Slovakia"]
[Date "2017.09.30"]
[Round "1"]
[White "Tropp, Oliver"]
[Black "Kovacik, Emil"]
[Result "1-0"]
[WhiteElo "2222"]
[BlackElo "2115"]
[Annotator "NA"]
[PlyCount "67"]
[EventDate "2017.09.30"]
[EventType "team-tourn"]
[EventCountry "SVK"]
[SourceTitle "playchess.com"]
[Source "ChessBase"]
[SourceQuality "1"]
[TimeControl "40/5400+30:1800+30"]

1. c4 {[%emt 0:00:00]} e5 {[%emt 0:00:14]} 2. Nc3 {[%emt 0:00:00]} d6 {[%emt 0:00:07]} 3. d3 {[%emt 0:02:30]} Nc6 {[%emt 0:06:10]} 4. Nf3 {[%emt 0:01:48]} g6 {[%emt 0:00:25]} 5. Nd5 {[%emt 0:03:51]} Bg7 {[%emt 0:00:28]} 6. Bg5 {[%emt 0:01:08]} f6 {[%emt 0:00:37]} 7. Bd2 {[%emt 0:00:05]} Nce7 {[%emt 0:00:35]} 8. Nc3 {[%emt 0:02:46]} f5 {[%emt 0:03:24]} 9. e4 {[%emt 0:01:37]} Nf6 {[%emt 0:01:03]} 10. Qc2 {[%emt 0:04:44]} O-O {[%emt 0:02:54]} 11. h4 {[%emt 0:03:10]} c6 {[%emt 0:04:57]} 12. Bg5 {[%emt 0:14:05]} h6 {[%emt 0:00:45]} 13. Bd2 $17 {[%emt 0:05:39]} Qc7 {[%emt 0:05:21]} 14. Rc1 {[%emt 0:00:30]} Be6 {[%emt 0:00:51]} 15. b3 {[%emt 0:01:16]} Rac8 {[%emt 0:00:58]} 16. Be2 {[%emt 0:01:50]} d5 {[%emt 0:04:16]} 17. cxd5 {[%emt 0:05:53]} cxd5 {[%emt 0:00:24]} 18. Qb1 {[%emt 0:00:05]} Qb8 {[%emt 0:01:52]} 19. O-O {[%emt 0:00:31]} Kh7 {[%emt 0:22:16]} 20. Rfe1 {[%emt 0:03:33]} d4 {[%emt 0:07:01]} 21. Na4 {[%emt 0:00:15]} Qd6 {[%emt 0:03:39]} 22. b4 {[%emt 0:10:07]} b6 {[%emt 0:01:41]} 23. b5 {[%emt 0:01:45]} Rxc1 {[%emt 0:01:08]} 24. Bxc1 {[%emt 0:05:06]} Rc8 {[%emt 0:04:10]} 25. g3 {[%emt 0:12:43]} fxe4 {[%emt 0:03:28]} 26. dxe4 {[%emt 0:04:43]} Nxe4 {[%emt 0:02:42]} 27. Qxe4 {[%emt 0:04:44]} Bd5 {[%emt 0:01:59]} 28. Qb1 {[%emt 0:01:50]} e4 {[%emt 0:00:59]} 29. Bf4 {[%emt 0:00:41]} Qa3 {[%emt 0:00:29]} 30. Bd1 {[%emt 0:00:21]} exf3 {[%emt 0:01:22]} 31. h5 {[%emt 0:02:55]} d3 {[%emt 0:12:09]} 32. Bb3 {[%emt 0:01:11]} Bxb3 {[%emt 0:02:19]} 33. Qxd3 {[%emt 0:00:05]} Qb4 {[%emt 0:04:44]} 34. Bd2 {[%emt 0:03:06]} 1-0

[Event "SVK Extraliga 2017-18"]
[Site "Slovakia"]
[Date "2017.09.30"]
[Round "1"]
[White "Bombek, Peter"]
[Black "Hros, Roman"]
[Result "1/2-1/2"]
[WhiteElo "2207"]
[BlackElo "2181"]
[Annotator "NA"]
[PlyCount "83"]
[EventDate "2017.09.30"]
[EventType "team-tourn"]
[EventCountry "SVK"]
[SourceTitle "playchess.com"]
[Source "ChessBase"]
[SourceQuality "1"]
[TimeControl "40/5400+30:1800+30"]

1. d4 {[%emt 0:00:00]} Nf6 {[%emt 0:02:10]} 2. Nf3 {[%emt 0:01:36]} g6 {[%emt 0:00:18]} 3. Bg5 {[%emt 0:00:45]} Bg7 {[%emt 0:04:01]} 4. Nbd2 {[%emt 0:02:26]} c5 {[%emt 0:02:38]} 5. e3 {[%emt 0:01:26]} O-O {[%emt 0:05:09]} 6. Be2 {[%emt 0:01:21]} b6 {[%emt 0:00:49]} 7. O-O {[%emt 0:01:27]} Bb7 {[%emt 0:01:24]} 8. c4 {[%emt 0:01:34]} cxd4 {[%emt 0:08:25]} 9. Nxd4 {[%emt 0:01:53]} Nc6 {[%emt 0:01:38]} 10. Bf3 {[%emt 0:03:16]} Qc8 {[%emt 0:04:41]} 11. Rc1 Ne5 {[%emt 0:00:07]} 12. Bxb7 {[%emt 0:04:36]} Qxb7 {[%emt 0:02:56]} 13. N2f3 {[%emt 0:02:48]} Nxf3+ {[%emt 0:00:56]} 14. Qxf3 Qxf3 15. gxf3 {[%emt 0:03:09]} Rfc8 {[%emt 0:06:58]} 16. b3 {[%emt 0:01:15]} Kf8 {[%emt 0:07:39]} 17. Rfd1 {[%emt 0:02:53]} Ke8 {[%emt 0:10:52]} 18. Rd3 {[%emt 0:08:05]} d5 {[%emt 0:05:21]} 19. Rdc3 {[%emt 0:02:29]} Kd7 {[%emt 0:15:02]} 20. Ne2 {[%emt 0:05:30]} dxc4 {[%emt 0:00:53]} 21. Rxc4 {[%emt 0:02:10]} Rxc4 {[%emt 0:00:02]} 22. Rxc4 {[%emt 0:00:33]} Rc8 {[%emt 0:00:31]} 23. Rxc8 {[%emt 0:01:34]} Kxc8 {[%emt 0:00:01]} 24. Bxf6 {[%emt 0:04:11]} Bxf6 {[%emt 0:00:13]} 25. Kf1 {[%emt 0:13:31]} Kd7 {[%emt 0:00:19]} 26. Nf4 {[%emt 0:01:46]} Be5 {[%emt 0:00:41]} 27. Nd3 {[%emt 0:00:18]} Bd6 {[%emt 0:02:34]} 28. f4 {[%emt 0:03:57]} h6 {[%emt 0:05:40]} 29. h3 {[%emt 0:06:23]} Ke6 {[%emt 0:00:41]} 30. e4 {[%emt 0:01:03]} g5 {[%emt 0:03:04]} 31. f5+ {[%emt 0:04:25]} Kf6 {[%emt 0:00:35]} 32. Ke2 {[%emt 0:02:13]} e6 {[%emt 0:00:59]} 33. fxe6 {[%emt 0:00:26]} fxe6 {[%emt 0:00:43]} 34. Ke3 {[%emt 0:03:37]} Kg6 {[%emt 0:02:55]} 35. f4 {[%emt 0:06:25]} gxf4+ {[%emt 0:03:19]} 36. Nxf4+ {[%emt 0:00:06]} Bxf4+ {[%emt 0:00:15]} 37. Kxf4 {[%emt 0:00:01]} Kf6 {[%emt 0:00:15]} 38. e5+ {[%emt 0:05:42]} Kg6 {[%emt 0:01:01]} 39. Kg4 {[%emt 0:00:28]} h5+ {[%emt 0:02:01]} 40. Kf4 {[%emt 0:00:27]} Kh6 {[%emt 0:30:55]} 41. a3 {[%emt 0:33:04]} Kg6 {[%emt 0:00:00]} 42. h4 {[%emt 0:00:00]} 1/2-1/2

[Event "SVK Extraliga 2017-18"]
[Site "Slovakia"]
[Date "2017.09.30"]
[Round "1"]
[White "Zatko, Gregor"]
[Black "Varga, Lukas"]
[Result "1-0"]
[WhiteElo "2205"]
[BlackElo "2096"]
[Annotator "NA"]
[PlyCount "45"]
[EventDate "2017.09.30"]
[EventType "team-tourn"]
[EventCountry "SVK"]
[SourceTitle "playchess.com"]
[Source "ChessBase"]
[SourceQuality "1"]
[TimeControl "40/5400+30:1800+30"]

1. d4 {[%emt 0:00:00]} Nf6 {[%emt 0:03:09]} 2. Bg5 {[%emt 0:00:00]} e6 {[%emt 0:02:12]} 3. e4 {[%emt 0:00:28]} c5 {[%emt 0:02:17]} 4. d5 {[%emt 0:03:49]} Qa5+ {[%emt 0:08:32]} 5. Bd2 {[%emt 0:00:36]} Qb6 {[%emt 0:00:02]} 6. Nc3 {[%emt 0:02:25]} a6 {[%emt 0:11:03]} 7. Nf3 {[%emt 0:04:46]} d6 {[%emt 0:03:31]} 8. dxe6 {[%emt 0:15:42]} Bxe6 {[%emt 0:05:53]} 9. Ng5 {[%emt 0:12:35]} Nc6 {[%emt 0:03:07]} 10. Nxe6 {[%emt 0:02:16]} fxe6 {[%emt 0:00:13]} 11. Bc4 {[%emt 0:00:35]} Nd4 {[%emt 0:02:06]} 12. O-O {[%emt 0:02:47]} Qc6 {[%emt 0:04:39]} 13. Re1 {[%emt 0:02:33]} Be7 {[%emt 0:02:44]} 14. a4 {[%emt 0:01:33]} Rd8 {[%emt 0:05:32]} 15. Ne2 {[%emt 0:21:37]} Nxe4 {[%emt 0:13:10]} 16. Nxd4 {[%emt 0:02:48]} cxd4 {[%emt 0:00:11]} 17. Bxe6 {[%emt 0:01:31]} d5 {[%emt 0:00:19]} 18. Qh5+ {[%emt 0:05:40]} g6 {[%emt 0:00:14]} 19. Qe5 {[%emt 0:00:17]} Rf8 {[%emt 0:06:14]} 20. Bb4 {[%emt 0:07:14]} Rxf2 {[%emt 0:04:36]} 21. Bxe7 {[%emt 0:03:14]} Rxg2+ {[%emt 0:02:12]} 22. Kxg2 {[%emt 0:00:02]} Qxc2+ {[%emt 0:00:11]} 23. Kh1 {[%emt 0:00:06]} 1-0